[Event "VIII Floripa Chess Open 2022 - LIRA - mesa 1 a 205 - HOTEL FAIAL - 206 a 246"]
[Site "Lira Tênis Clube - Florianópolis/SC"]
[Date "2022.01.27"]
[Round "6"]
[Board "8"]
[White "Luz, Arthur Nader"]
[Black "Matsuura, Everaldo"]
[Result "0-1"]
[WhiteElo "2169"]
[BlackElo "2441"]
[PlyCount "0"]
[EventDate "2022.01.24"]
[EventRounds "10"]
[EventCountry "BRA"]

1. e4 { [%eval 0.25] [%clk 1:25:23] } 1... c5 { [%eval 0.32] [%clk 1:29:46] } 2. Nc3 { [%eval 0.24] [%clk 1:24:46] } 2... Nc6 { [%eval 0.38] [%clk 1:29:40] } 3. Nge2 { [%eval 0.13] [%clk 1:24:58] } 3... d6 { [%eval 0.5] [%clk 1:27:44] } 4. g3 { [%eval 0.0] [%clk 1:22:20] } 4... g6 { [%eval 0.11] [%clk 1:27:39] } 5. Bg2 { [%eval 0.0] [%clk 1:22:45] } 5... Bg7 { [%eval -0.01] [%clk 1:27:46] } 6. d3 { [%eval -0.07] [%clk 1:23:04] } 6... Rb8 { [%eval 0.09] [%clk 1:24:52] } 7. a3 { [%eval -0.27] [%clk 1:23:21] } 7... e6 { [%eval -0.09] [%clk 1:20:11] } 8. O-O { [%eval -0.26] [%clk 1:23:16] } 8... Nge7 { [%eval -0.32] [%clk 1:20:08] } 9. Rb1 { [%eval -0.18] [%clk 1:21:47] } 9... b5 { [%eval -0.25] [%clk 1:14:54] } 10. b4 { [%eval -0.3] [%clk 1:15:39] } 10... cxb4 { [%eval -0.12] [%clk 1:11:44] } 11. axb4 { [%eval -0.21] [%clk 1:14:28] } 11... O-O { [%eval -0.35] [%clk 1:07:34] } 12. Be3 { [%eval -0.17] [%clk 1:11:20] } 12... a5 { [%eval -0.12] [%clk 1:07:01] } 13. Na2 { [%eval -0.23] [%clk 1:09:16] } 13... axb4 { [%eval -0.3] [%clk 1:01:31] } 14. Nxb4 { [%eval -0.2] [%clk 1:05:30] } 14... Nxb4 { [%eval -0.15] [%clk 1:01:43] } 15. Rxb4 { [%eval -0.14] [%clk 1:05:57] } 15... Nc6 { [%eval -0.26] [%clk 1:01:47] } 16. Rb3 { [%eval -0.15] [%clk 1:06:22] } 16... b4 { [%eval -0.1] [%clk 0:59:47] } 17. Qd2 { [%eval -0.07] [%clk 1:05:42] } 17... e5 { [%eval 0.02] [%clk 0:59:09] } 18. d4 { [%eval -0.25] [%clk 1:01:11] } 18... Ba6 { [%eval -0.37] [%clk 0:52:51] } 19. dxe5?? { [%eval -3.22] } { Blunder. d5 was best. } { [%clk 0:53:04] } (19. d5 Na5 20. Rxb4 Nc4 21. Rxb8 Qxb8 22. Qc3 Nxe3 23. Qxe3 Qb2 24. Re1 Rc8 25. c3 Bf6) 19... dxe5 { [%eval -2.75] [%clk 0:39:41] } 20. Qxd8 { [%eval -3.29] [%clk 0:31:09] } 20... Rfxd8 { [%eval -2.95] [%clk 0:39:56] } (20... Re8 21. Qxe8+ { [%clk 0:31:09] } (21. Qxb8 Rxb8 { [%clk 0:39:56] } 22. Re1 { [%clk 0:31:26] })) 21. Re1 { [%eval -3.55] [%clk 0:31:09] } (21. Rd1 { [%clk 0:31:09] } 21... Rf8 22. Rf1 Rfd8 { [%clk 0:39:56] } 23. Re1 { [%clk 0:31:26] } 23... Na5 { [%clk 0:37:23] } 24. Rbb1 { [%clk 0:22:38] } 24... Nc4 { [%clk 0:37:26] } 25. Bc1 { [%clk 0:23:05] } 25... Bf8 { [%clk 0:26:06] } 26. Bg5 { [%clk 0:21:10] } 26... Rdc8 { [%clk 0:25:50] } 27. Bh3 { [%clk 0:20:35] } 27... Rc7 { [%clk 0:25:20] } 28. Rb3 { [%clk 0:06:53] } 28... Na3 { [%clk 0:22:40] } 29. Reb1 { [%clk 0:04:13] } 29... Nxb1 { [%clk 0:22:26] }) 21... Na5 { [%eval -3.15] [%clk 0:37:23] } (21... Rf8 22. Rf1 Rfd8 { [%clk 0:39:56] } 23. Re1 { [%clk 0:31:26] } 23... Na5 { [%clk 0:37:23] } 24. Rbb1 { [%clk 0:22:38] } 24... Nc4 { [%clk 0:37:26] } 25. Bc1 { [%clk 0:23:05] } 25... Bf8 { [%clk 0:26:06] } 26. Bg5 { [%clk 0:21:10] } 26... Rdc8 { [%clk 0:25:50] } 27. Bh3 { [%clk 0:20:35] } 27... Rc7 { [%clk 0:25:20] } 28. Rb3 { [%clk 0:06:53] } 28... Na3 { [%clk 0:22:40] } 29. Reb1 { [%clk 0:04:13] } 29... Nxb1 { [%clk 0:22:26] }) 22. Rbb1 { [%eval -3.0] [%clk 0:31:09] } 22... Nc4 { [%eval -3.3] [%clk 0:39:56] } (22... Nc6 { [%clk 0:39:56] } 23. Rb3 { [%clk 0:31:26] } 23... Na5 { [%clk 0:37:23] } 24. Rbb1 { [%clk 0:22:38] } 24... Nc4 { [%clk 0:37:26] } 25. Bc1 { [%clk 0:23:05] } 25... Bf8 { [%clk 0:26:06] } 26. Bg5 { [%clk 0:21:10] } 26... Rdc8 { [%clk 0:25:50] } 27. Bh3 { [%clk 0:20:35] } 27... Rc7 { [%clk 0:25:20] } 28. Rb3 { [%clk 0:06:53] } 28... Na3 { [%clk 0:22:40] } 29. Reb1 { [%clk 0:04:13] } 29... Nxb1 { [%clk 0:22:26] }) 23. Bc1? { [%eval -5.67] } { Mistake. Bf1 was best. } { [%clk 0:31:09] } (23. Rb3 { [%clk 0:31:26] } 23... Na5 { [%clk 0:37:23] } 24. Rbb1 { [%clk 0:22:38] } 24... Nc4 { [%clk 0:37:26] } 25. Bc1 { [%clk 0:23:05] } 25... Bf8 { [%clk 0:26:06] } 26. Bg5 { [%clk 0:21:10] } 26... Rdc8 { [%clk 0:25:50] } 27. Bh3 { [%clk 0:20:35] } 27... Rc7 { [%clk 0:25:20] } 28. Rb3 { [%clk 0:06:53] } 28... Na3 { [%clk 0:22:40] } 29. Reb1 { [%clk 0:04:13] } 29... Nxb1 { [%clk 0:22:26] })  (23. Bf1 Nxe3) 23... Bf8?! { [%eval -4.31] } { Inaccuracy. Na3 was best. } { [%clk 0:39:56] } (23... Na3 24. Bxa3 bxa3 25. Nc3 Rxb1 26. Rxb1 Rd2 27. Rc1 Bf8 28. Bf1 Bxf1 29. Kxf1 Bc5 30. Nd1) 24. Bg5 { [%eval -4.29] [%clk 0:31:09] } (24. Be3 { [%clk 0:22:38] } 24... Bg7 { [%clk 0:37:26] } 25. Bc1 { [%clk 0:23:05] } 25... Bf8 { [%clk 0:26:06] } 26. Bg5 { [%clk 0:21:10] } 26... Rdc8 { [%clk 0:25:50] } 27. Bh3 { [%clk 0:20:35] } 27... Rc7 { [%clk 0:25:20] } 28. Rb3 { [%clk 0:06:53] } 28... Na3 { [%clk 0:22:40] } 29. Reb1 { [%clk 0:04:13] } 29... Nxb1 { [%clk 0:22:26] }) 24... Rdc8 { [%eval -4.47] [%clk 0:39:56] } (24... Bg7 { [%clk 0:37:26] } 25. Bc1 { [%clk 0:23:05] } 25... Bf8 { [%clk 0:26:06] } 26. Bg5 { [%clk 0:21:10] } 26... Rdc8 { [%clk 0:25:50] } 27. Bh3 { [%clk 0:20:35] } 27... Rc7 { [%clk 0:25:20] } 28. Rb3 { [%clk 0:06:53] } 28... Na3 { [%clk 0:22:40] } 29. Reb1 { [%clk 0:04:13] } 29... Nxb1 { [%clk 0:22:26] }) 25. Bh3 { [%eval -3.8] [%clk 0:31:09] } 25... Rc7 { [%eval -3.31] [%clk 0:39:56] } (25... Rd8 { [%clk 0:26:06] } 26. Bg2 { [%clk 0:21:10] } 26... Rdc8 { [%clk 0:25:50] } 27. Bh3 { [%clk 0:20:35] } 27... Rc7 { [%clk 0:25:20] } 28. Rb3 { [%clk 0:06:53] } 28... Na3 { [%clk 0:22:40] } 29. Reb1 { [%clk 0:04:13] } 29... Nxb1 { [%clk 0:22:26] }) 26. Rb3? { [%eval -5.48] } { Mistake. Nc3 was best. } { [%clk 0:31:09] } (26. Nc3 Na3) 26... Na3 { [%eval -4.9] [%clk 0:39:56] } (26... Rcc8 { [%clk 0:25:50] } 27. Rbb1 { [%clk 0:20:35] } 27... Rc7 { [%clk 0:25:20] } 28. Rb3 { [%clk 0:06:53] } 28... Na3 { [%clk 0:22:40] } 29. Reb1 { [%clk 0:04:13] } 29... Nxb1 { [%clk 0:22:26] }) 27. Reb1? { [%eval -9.42] } { Mistake. Bf1 was best. } { [%clk 0:31:09] } (27. Rbb1 { [%clk 0:20:35] } 27... Nc4 { [%clk 0:25:20] } 28. Rb3 { [%clk 0:06:53] } 28... Na3 { [%clk 0:22:40] } 29. Reb1 { [%clk 0:04:13] } 29... Nxb1 { [%clk 0:22:26] })  (27. Bf1 Nxc2 28. Rd1 Bc4 29. Rb2 b3 30. Bf6 Bg7 31. Bxg7 Kxg7 32. Nc1 Nd4 33. Bxc4 Rxc4) 27... Nxb1 { [%eval -9.43] [%clk 0:39:56] }  0-1

[Event "VIII Floripa Chess Open 2022 - LIRA - mesa 1 a 205 - HOTEL FAIAL - 206 a 246"]
[Site "Lira Tênis Clube - Florianópolis/SC"]
[Date "2022.01.27"]
[Round "6"]
[Board "9"]
[White "Molina, Roberto Junio Brito"]
[Black "Alboredo, Julia"]
[Result "1-0"]
[WhiteElo "2420"]
[BlackElo "2200"]
[PlyCount "0"]
[EventDate "2022.01.24"]
[EventRounds "10"]
[EventCountry "BRA"]

1. d4 { [%eval 0.3] [%clk 1:19:25] } 1... Nf6 { [%eval 0.0] [%clk 1:30:47] } 2. c4 { [%eval 0.23] [%clk 1:19:53] } 2... g6 { [%eval 0.3] [%clk 1:30:49] } 3. g3 { [%eval 0.21] [%clk 1:20:20] } 3... d5 { [%eval 0.5] [%clk 1:30:24] } 4. cxd5 { [%eval 0.47] [%clk 1:20:43] } 4... Nxd5 { [%eval 0.5] [%clk 1:30:45] } 5. Bg2 { [%eval 0.34] [%clk 1:21:01] } 5... Nb6 { [%eval 0.35] [%clk 1:31:01] } 6. Nf3 { [%eval 0.31] [%clk 1:21:14] } 6... Bg7 { [%eval 0.36] [%clk 1:31:20] } 7. O-O { [%eval 0.16] [%clk 1:21:34] } 7... Nc6 { [%eval 0.49] [%clk 1:31:41] } 8. e3 { [%eval 0.48] [%clk 1:21:33] } 8... O-O { [%eval 0.43] [%clk 1:31:26] } 9. Nc3 { [%eval 0.24] [%clk 1:21:53] } 9... Re8 { [%eval 0.13] [%clk 1:30:51] } 10. d5 { [%eval 0.18] [%clk 1:19:32] } 10... Nb4?! { [%eval 1.18] } { Inaccuracy. Na5 was best. } { [%clk 1:27:25] } (10... Na5) 11. e4 { [%eval 1.11] [%clk 1:19:45] } 11... c6 { [%eval 0.87] [%clk 1:26:11] } 12. a3 { [%eval 0.55] [%clk 1:19:38] } 12... Na6 { [%eval 0.68] [%clk 1:26:27] } 13. dxc6 { [%eval 0.55] [%clk 1:17:52] } 13... Qxd1 { [%eval 0.47] [%clk 1:23:52] } 14. Rxd1 { [%eval 0.43] [%clk 1:18:20] } 14... bxc6 { [%eval 0.49] [%clk 1:24:11] } 15. Nd4 { [%eval 0.02] [%clk 1:11:48] } 15... Bb7?! { [%eval 0.95] } { Inaccuracy. Bxd4 was best. } { [%clk 1:08:34] } (15... Bxd4 16. Rxd4) 16. e5?! { [%eval 0.0] } { Inaccuracy. Nb3 was best. } { [%clk 1:04:25] } (16. Nb3 Rad8) 16... Bxe5 { [%eval 0.11] [%clk 0:46:34] } 17. Nxc6 { [%eval 0.0] [%clk 1:04:25] } 17... Bg7?? { [%eval 2.52] } { Blunder. Bxc3 was best. } { [%clk 0:41:59] } (17... Bxc3) 18. Bg5?? { [%eval 0.8] } { Blunder. Nb5 was best. } { [%clk 1:02:44] } (18. Nb5) 18... f6?? { [%eval 2.62] } { Blunder. Bxc3 was best. } { [%clk 0:30:14] } (18... Bxc3 19. bxc3 f6 20. Be3 Nb8 21. Nxa7 Bxg2 22. Bxb6 Bf3 23. Rd3 Bg4 24. a4 Nd7 25. Bd4) 19. Be3 { [%eval 2.63] [%clk 1:02:54] } 19... Kf8? { [%eval 4.55] } { Mistake. Nb8 was best. } { [%clk 0:28:18] } (19... Nb8 20. Nxa7) 20. Nb5 { [%eval 4.38] [%clk 0:59:02] } 20... f5 { [%eval 5.13] [%clk 0:24:40] } 21. Bd4? { [%eval 3.05] } { Mistake. Rac1 was best. } { [%clk 0:55:24] } (21. Rac1 Bxb2 22. Rc2 Bf6 23. Nbxa7 Nc8 24. Nb5 Nd6 25. Nxd6 exd6 26. Rxd6 Bg7 27. Bd5 Nc7) 21... Na4? { [%eval 5.23] } { Mistake. Bxd4 was best. } { [%clk 0:20:58] } (21... Bxd4 22. Ncxd4) 22. Bxg7+ { [%eval 4.96] [%clk 0:54:57] } 22... Kxg7 { [%eval 5.12] [%clk 0:21:25] } 23. b4 { [%eval 4.58] [%clk 0:55:08] } 23... Nb6 { [%eval 5.66] [%clk 0:18:20] } 24. Rac1 { [%eval 4.47] [%clk 0:53:24] } 24... Nc8?! { [%eval 6.59] } { Inaccuracy. Rac8 was best. } { [%clk 0:14:10] } (24... Rac8) 25. Rd7 { [%eval 6.7] [%clk 0:51:12] } 25... Bxc6 { [%eval 6.4] [%clk 0:14:17] } 26. Bxc6 { [%eval 6.92] [%clk 0:47:19] } 26... Nb8 { [%eval 7.99] [%clk 0:12:32] } 27. Nc7 { [%eval 7.91] [%clk 0:47:17] }  1-0

[Event "VIII Floripa Chess Open 2022 - LIRA - mesa 1 a 205 - HOTEL FAIAL - 206 a 246"]
[Site "Lira Tênis Clube - Florianópolis/SC"]
[Date "2022.01.27"]
[Round "6"]
[Board "10"]
[White "Languidey, Simon Alejandro"]
[Black "De Borba, Gabriel"]
[Result "1-0"]
[WhiteElo "2403"]
[BlackElo "2149"]
[PlyCount "0"]
[EventDate "2022.01.24"]
[EventRounds "10"]
[EventCountry "BRA"]

1. e4 { [%eval 0.25] [%clk 1:30:47] } 1... c5 { [%eval 0.32] [%clk 1:30:38] } 2. Nc3 { [%eval 0.24] [%clk 1:31:01] } 2... e6 { [%eval 0.13] [%clk 1:31:00] } 3. Nge2 { [%eval 0.28] [%clk 1:31:05] } 3... d6 { [%eval 0.48] [%clk 1:31:09] } 4. g3 { [%eval 0.24] [%clk 1:31:15] } 4... Nc6 { [%eval 0.13] [%clk 1:31:18] } 5. Bg2 { [%eval 0.17] [%clk 1:31:19] } 5... Nge7 { [%eval 0.53] [%clk 1:31:02] } 6. O-O { [%eval 0.48] [%clk 1:30:00] } 6... g6 { [%eval 0.85] [%clk 1:31:04] } 7. d4 { [%eval 0.88] [%clk 1:27:44] } 7... cxd4 { [%eval 1.06] [%clk 1:24:19] } 8. Nxd4 { [%eval 1.55] [%clk 1:28:01] } 8... a6 { [%eval 1.57] [%clk 1:24:34] } 9. Nb3?! { [%eval 0.88] } { Inaccuracy. Bg5 was best. } { [%clk 1:25:05] } (9. Bg5 Bg7 10. Nxc6 bxc6 11. Qd2 Rb8 12. b3 O-O 13. Rad1 d5 14. Be3 Re8 15. Na4 e5) 9... Bg7 { [%eval 0.68] [%clk 1:22:27] } 10. Bf4?! { [%eval 0.03] } { Inaccuracy. Qd2 was best. } { [%clk 1:24:17] } (10. Qd2 b5 11. Rd1 Ra7 12. f4 Rd7 13. Qf2 Na5 14. Nxa5 Qxa5 15. Be3 O-O 16. a3 Qc7) 10... e5? { [%eval 1.41] } { Mistake. Ne5 was best. } { [%clk 1:21:05] } (10... Ne5 11. Bxe5 Bxe5 12. Qd2 O-O 13. Rfd1 Qb6 14. a4 Bd7 15. a5 Qa7 16. Kh1 Rac8 17. f4) 11. Bg5 { [%eval 1.24] [%clk 1:19:33] } 11... Be6 { [%eval 1.17] [%clk 1:16:00] } 12. Qd2 { [%eval 1.31] [%clk 1:17:42] } 12... Qc7 { [%eval 1.85] [%clk 1:15:26] } 13. Nd5?! { [%eval 1.03] } { Inaccuracy. Rfd1 was best. } { [%clk 1:07:10] } (13. Rfd1 Nc8) 13... Bxd5 { [%eval 1.12] [%clk 1:12:19] } 14. exd5 { [%eval 1.44] [%clk 1:07:25] } 14... Nb8 { [%eval 1.59] [%clk 1:12:09] } 15. c4 { [%eval 1.35] [%clk 1:05:53] } 15... b6? { [%eval 2.59] } { Mistake. Nd7 was best. } { [%clk 1:10:22] } (15... Nd7 16. Bh3) 16. Rac1? { [%eval 1.28] } { Mistake. f4 was best. } { [%clk 1:04:29] } (16. f4) 16... f6? { [%eval 2.49] } { Mistake. Nd7 was best. } { [%clk 1:05:05] } (16... Nd7) 17. Be3 { [%eval 2.53] [%clk 1:04:13] } 17... Nd7 { [%eval 2.69] [%clk 1:03:34] } 18. c5 { [%eval 2.43] [%clk 1:03:03] } 18... bxc5?! { [%eval 3.61] } { Inaccuracy. Nxc5 was best. } { [%clk 1:02:53] } (18... Nxc5 19. Nxc5 bxc5 20. Rxc5 Qb8 21. Rc6 O-O 22. Rfc1 Nf5 23. Rb6 Qa7 24. Rcc6 Nxe3 25. Qxe3) 19. Nxc5 { [%eval 3.81] [%clk 1:03:03] } 19... Nxc5 { [%eval 3.86] [%clk 1:03:03] } 20. b4 { [%eval 3.61] [%clk 1:02:28] } 20... Nb3 { [%eval 4.08] [%clk 0:58:29] } 21. Rxc7 { [%eval 4.05] [%clk 0:58:08] } 21... Nxd2 { [%eval 3.89] [%clk 0:58:46] } 22. Bxd2 { [%eval 4.19] [%clk 0:58:29] } 22... Kf7 { [%eval 4.64] [%clk 0:58:36] } 23. Rfc1 { [%eval 4.15] [%clk 0:57:06] } 23... Rhc8?! { [%eval 5.6] } { Inaccuracy. f5 was best. } { [%clk 0:53:41] } (23... f5 24. Bf1 e4 25. a4 Be5 26. Bg5 Bf6 27. Bf4 Rhd8 28. R1c6 Ke8 29. Rxa6 Rxa6 30. Bxa6) 24. Rxc8 { [%eval 4.46] [%clk 0:45:01] } 24... Nxc8 { [%eval 5.39] [%clk 0:50:03] } 25. Rc7+ { [%eval 5.31] [%clk 0:45:16] } 25... Kg8 { [%eval 6.27] [%clk 0:49:36] } 26. Bf1 { [%eval 6.11] [%clk 0:44:25] } 26... Bf8 { [%eval 6.3] [%clk 0:49:42] } 27. Rc6 { [%eval 6.38] [%clk 0:42:48] } 27... a5 { [%eval 8.05] [%clk 0:49:35] } 28. b5 { [%eval 7.61] [%clk 0:38:35] }  1-0

[Event "VIII Floripa Chess Open 2022 - LIRA - mesa 1 a 205 - HOTEL FAIAL - 206 a 246"]
[Site "Lira Tênis Clube - Florianópolis/SC"]
[Date "2022.01.27"]
[Round "6"]
[Board "46"]
[White "Guerrero, Alvaro"]
[Black "Weise, William Ferreira"]
[Result "1-0"]
[WhiteElo "2123"]
[BlackElo "1788"]
[PlyCount "0"]
[EventDate "2022.01.24"]
[EventRounds "10"]
[EventCountry "BRA"]

1. d4 e6 2. c4 Nf6 3. Nc3 Bb4 4. e3 b6 5. Bd3 Bb7 6. Nf3 Ne4 7. Qc2 f5 8. O-O Nxc3 9. bxc3 Bxf3 10. gxf3 Qg5+ 11. Kh1 Bd6 12. f4 Qh4 13. Rg1 Rg8 14. f3 Nc6 15. e4 h6 16. Bd2 g5 17. Raf1 O-O-O 18. c5 bxc5 19. Ba6+  1-0

[Event "VIII Floripa Chess Open 2022 - LIRA - mesa 1 a 205 - HOTEL FAIAL - 206 a 246"]
[Site "Lira Tênis Clube - Florianópolis/SC"]
[Date "2022.01.27"]
[Round "6"]
[Board "47"]
[White "Da Silva, Anderson Lemes"]
[Black "Nemeth Junior, Henrique"]
[Result "1-0"]
[WhiteElo "1932"]
[BlackElo "2113"]
[PlyCount "0"]
[EventDate "2022.01.24"]
[EventRounds "10"]
[EventCountry "BRA"]

1. d4 Nf6 2. Bf4 d5 3. Nf3 c5 4. e3 Nc6 5. Nbd2 Bg4 6. Be2 e6 7. O-O Bd6 8. dxc5 Bxc5 9. c4 O-O 10. Nb3 Be7 11. h3 Bxf3 12. Bxf3 dxc4 13. Bxc6 bxc6 14. Nd4 Qd5 15. Qa4 Ne4 16. Rfd1 Bh4 17. f3 Nf2 18. Rd2 e5 19. e4 Qc5 20. Be3 Nxh3+ 21. gxh3 exd4 22. Rxd4 Bg5 23. Bf2 Bh4 24. Qxc4 Bxf2+ 25. Kxf2 Qe5 26. Rad1 Rab8 27. b4 Qh2+ 28. Ke3 Qxh3 29. Qxc6 Rbc8 30. Qa6 Rc3+ 31. R1d3 Rxd3+ 32. Rxd3 Qf1 33. Qa5 Qe1+ 34. Kf4 h6 35. Rd5 f5 36. Rxf5 g5+ 37. Ke5 Qc3+ 38. Kd6 Rf6+ 39. Ke7 Kg7 40. Qc5 Qb2 41. Ke8 Rxf5 42. exf5 Qe2+ 43. Qe7+ Qxe7+ 44. Kxe7  1-0

[Event "VIII Floripa Chess Open 2022 - LIRA - mesa 1 a 205 - HOTEL FAIAL - 206 a 246"]
[Site "Lira Tênis Clube - Florianópolis/SC"]
[Date "2022.01.27"]
[Round "6"]
[Board "48"]
[White "Soares, Renan Barbosa Monteiro"]
[Black "Takano, Nicholas Ryo"]
[Result "0-1"]
[WhiteElo "1922"]
[BlackElo "2111"]
[PlyCount "0"]
[EventDate "2022.01.24"]
[EventRounds "10"]
[EventCountry "BRA"]

1. d4 Nf6 2. c4 g6 3. Nc3 Bg7 4. e4 d6 5. Nf3 O-O 6. Be2 Nbd7 7. O-O e5 8. d5 Nc5 9. Qc2 a5 10. Be3 Nfd7 11. Rac1 f5 12. exf5 gxf5 13. Bg5 Qe8 14. Nb5 Na6 15. Bd2 b6 16. a3 Ndc5 17. b4 axb4 18. axb4 Ne4 19. Be1 c6 20. dxc6 Qxc6 21. Qb3 Be6 22. Bd3 Bh6 23. Bxe4 fxe4 24. Bd2 Rxf3 25. gxf3 Bxd2 26. Rc2 Bf4 27. Na3 exf3 28. Kh1 Bh3 29. c5+ d5 30. cxb6 Bg2+  0-1

[Event "VIII Floripa Chess Open 2022 - LIRA - mesa 1 a 205 - HOTEL FAIAL - 206 a 246"]
[Site "Lira Tênis Clube - Florianópolis/SC"]
[Date "2022.01.27"]
[Round "6"]
[Board "49"]
[White "Ribeiro, Fabiano Pinto"]
[Black "Leitao, Nicolau"]
[Result "0-1"]
[WhiteElo "1831"]
[BlackElo "2109"]
[PlyCount "0"]
[EventDate "2022.01.24"]
[EventRounds "10"]
[EventCountry "BRA"]

1. e4 e5 2. Nf3 Nc6 3. Bc4 Bc5 4. O-O Nf6 5. d3 h6 6. Re1 O-O 7. h3 d6 8. c3 a6 9. Bb3 b5 10. Nbd2 Re8 11. Nf1 Na5 12. Bc2 Bb6 13. Be3 c5 14. Ng3 Nc6 15. Qd2 Kh7 16. Rad1 Ne7 17. Nh4 Neg8 18. Nhf5 h5 19. Bg5 g6 20. Nh4 Qe7 21. f4 exf4 22. Bxf4 Be6 23. a3 Bd8 24. Nhf5 Bxf5 25. exf5 Qf8 26. fxg6+ fxg6 27. d4 Be7 28. Qd3 Qg7 29. d5 h4 30. Ne4 Nxe4 31. Rxe4 Rf8 32. Re6 Rf6 33. Rde1 Raf8 34. Bg5 Rxe6 35. Rxe6 Rf5 36. Bxe7 Nxe7 37. Rxd6 Qh6 38. Qd1 Qe3+ 39. Kh1 Rf2 40. Re6 Qg5 41. Be4 Nf5 42. Bf3 Ne3 43. Rxe3 Qxe3 44. d6 Rd2 45. Qb3 c4 46. Qb4 Qe1+ 47. Kh2 Qe5+ 48. Kg1 Qxd6 49. Qa5 Rxb2 50. a4 Rb1+ 51. Kf2 Qd2+ 52. Be2 Qf4+ 53. Bf3 Qg3+ 54. Ke3 Qe5+ 55. Kf2 Qe1#  0-1

[Event "VIII Floripa Chess Open 2022 - LIRA - mesa 1 a 205 - HOTEL FAIAL - 206 a 246"]
[Site "Lira Tênis Clube - Florianópolis/SC"]
[Date "2022.01.27"]
[Round "6"]
[Board "50"]
[White "Nakata, Thifanni Harumi"]
[Black "Damous, Felipe Soares"]
[Result "0-1"]
[WhiteElo "1766"]
[BlackElo "2101"]
[PlyCount "0"]
[EventDate "2022.01.24"]
[EventRounds "10"]
[EventCountry "BRA"]

1. d4 Nf6 2. c4 e6 3. Nc3 Bb4 4. e3 c5 5. a3 Bxc3+ 6. bxc3 d5 7. Nf3 O-O 8. Bd3 Nc6 9. O-O Qc7 10. Qc2 b6 11. dxc5 dxc4 12. Bxc4 Na5 13. Bd3 Qxc5 14. a4 Rd8 15. Ba3 Qc7 16. Bb4 Nc6 17. Rfd1 Bb7 18. Nd4 Ne5 19. Bf1 Nfg4 20. h3 Rxd4 21. hxg4 Nxg4 22. g3 Rxb4 23. Qe2 Ne5 24. Bg2 Rg4 25. f4 Rxg3 26. fxe5 Rxg2+ 27. Qxg2 Bxg2 28. Kxg2 Rd8  0-1

[Event "VIII Floripa Chess Open 2022 - LIRA - mesa 1 a 205 - HOTEL FAIAL - 206 a 246"]
[Site "Lira Tênis Clube - Florianópolis/SC"]
[Date "2022.01.27"]
[Round "6"]
[Board "51"]
[White "Lorenzon, Eduardo Lucas"]
[Black "Oviedo Acosta, Paula"]
[Result "1-0"]
[WhiteElo "2092"]
[BlackElo "1766"]
[PlyCount "0"]
[EventDate "2022.01.24"]
[EventRounds "10"]
[EventCountry "BRA"]

1. e4 c5 2. Nf3 e6 3. d4 cxd4 4. Nxd4 a6 5. Nc3 b5 6. Be3 Bb7 7. Bd3 d6 8. Qd2 Nd7 9. O-O-O Ngf6 10. f3 Qc7 11. Bxb5 axb5 12. Ndxb5 Qc6 13. Nxd6+ Bxd6 14. Qxd6 Qxd6 15. Rxd6 O-O 16. Rhd1 Ne5 17. b3 h6 18. Kb2 Ng6 19. a4 Rfc8 20. Nb5 Ne8 21. Rb6 Ba6 22. c4 Bxb5 23. Rxb5 Nh4 24. Rd2 Rd8 25. c5 Rxd2+ 26. Bxd2 Nxg2 27. c6 Rc8 28. Rc5 f6 29. b4 Nh4 30. b5 Nxf3 31. Bc3 Ng5 32. b6 Nxe4 33. b7 Rb8 34. Rb5 Nc7 35. Ba5 Nxb5 36. axb5 Nd6 37. Bc7 Rxb7 38. Bxd6 Rxb5+ 39. Kc3 Rb6 40. c7 Rc6+ 41. Kb4 Kf7 42. Kb5 Rc2 43. Bc5 Rxh2 44. c8=Q Rd2 45. Kc4 Re2 46. Kd3 Re5 47. Qd7+ Kg6 48. Bd4 Re1 49. Qe8+ Kh7 50. Qf7 e5 51. Be3 Rd1+ 52. Ke4 Rh1 53. Kf5 Rf1+ 54. Ke6 Rf3 55. Bc5 Rg3 56. Qf8 Rb3 57. Kf7 Rb7+ 58. Be7 Rxe7+ 59. Qxe7  1-0

[Event "VIII Floripa Chess Open 2022 - LIRA - mesa 1 a 205 - HOTEL FAIAL - 206 a 246"]
[Site "Lira Tênis Clube - Florianópolis/SC"]
[Date "2022.01.27"]
[Round "6"]
[Board "52"]
[White "Uczai, Joao Pedro Filimberti"]
[Black "Rosa, Gabriel Redon"]
[Result "1-0"]
[WhiteElo "2083"]
[BlackElo "1707"]
[PlyCount "0"]
[EventDate "2022.01.24"]
[EventRounds "10"]
[EventCountry "BRA"]

1. e4 c6 2. Nc3 d5 3. Nf3 Bg4 4. Be2 e6 5. O-O Nf6 6. Ne5 Bxe2 7. Qxe2 dxe4 8. Nxe4 Nxe4 9. Qxe4 Be7 10. d4 O-O 11. Bf4 Nd7 12. Rad1 Rc8 13. Rfe1 Nf6 14. Qe2 Qa5 15. Bg5 Nd5 16. Bxe7 Nxe7 17. Nd7 Rfe8 18. c4 Rcd8 19. Nc5 Qc7 20. Rd3 Ng6 21. g3 h6 22. b4 b6 23. Nb3 Re7 24. f4 Red7 25. Qe4 Ne7 26. Rc1 c5 27. bxc5 bxc5 28. Rcd1 cxd4 29. Rxd4 Rxd4 30. Rxd4 Rxd4 31. Qxd4 Nf5 32. Qe4 a5 33. c5 Qa7 34. Qa4 Qa8 35. c6 Qa7+ 36. Kg2 Qa6 37. Qe4 Qb6 38. Kh3 h5 39. Qc2 g5 40. fxg5 Qb4 41. Qd1 Qc4 42. Nxa5 Qc5 43. Qd8+ Kh7 44. c7 Qg1 45. Qd3 Qc1 46. Nc4 Qxg5 47. c8=Q Qg4+ 48. Kg2 h4 49. Ne3 h3+ 50. Kf2  1-0